Essentials of Respiratory Medicine / (Record no. 1867)

MARC details
000 -LEADER
fixed length control field 00580nam a22002057a 4500
003 - CONTROL NUMBER IDENTIFIER
control field OSt
005 - DATE AND TIME OF LATEST TRANSACTION
control field 20150525183930.0
008 - FIXED-LENGTH DATA ELEMENTS--GENERAL INFORMATION
fixed length control field 150525b xxu||||| |||| 00| 0 eng d
020 ## - INTERNATIONAL STANDARD BOOK NUMBER
International Standard Book Number 0632019131
040 ## - CATALOGING SOURCE
Transcribing agency DNLM
082 ## - DEWEY DECIMAL CLASSIFICATION NUMBER
Classification number WF 100 C115e 1988
100 ## - MAIN ENTRY--PERSONAL NAME
Personal name Cade J F
9 (RLIN) 4904
245 ## - TITLE STATEMENT
Title Essentials of Respiratory Medicine /
Statement of responsibility, etc. J F Cade & M C F Pain
260 ## - PUBLICATION, DISTRIBUTION, ETC. (IMPRINT)
Place of publication, distribution, etc. Oxford:
Name of publisher, distributor, etc. Blackwell Scientific Publications;
Date of publication, distribution, etc. 1988.
300 ## - PHYSICAL DESCRIPTION
Extent v, 185 p :
Other physical details ill;
Dimensions 27 cm.
504 ## - BIBLIOGRAPHY, ETC. NOTE
Bibliography, etc Includes index
650 ## - SUBJECT ADDED ENTRY--TOPICAL TERM
Topical term or geographic name as entry element Respiratory Medicine
9 (RLIN) 4905
700 ## - ADDED ENTRY--PERSONAL NAME
Personal name Pain M C F
9 (RLIN) 4906
942 ## - ADDED ENTRY ELEMENTS (KOHA)
Source of classification or shelving scheme Other/Generic Classification Scheme
Koha item type Short Loan
Holdings
Withdrawn status Lost status Source of classification or shelving scheme Damaged status Not for loan Home library Current library Date acquired Source of acquisition Inventory number Total Checkouts Full call number Barcode Date last seen Price effective from Koha item type
    Other/Generic Classification Scheme     MUST Main Library MUST Main Library 25/05/2015   1997/10820   WF 100 C115e 1988 2015-1580 25/05/2015 25/05/2015 Short Loan